000 00358nam a22001217a 4500
999 _c14068
_d14068
020 _a9780241594926
082 _a530
100 _aDavid Sang & Science Museum
245 _aThe Science Museum Physics: 100 Ideas in 100 Words – A Whistle-Stop Tour of Science’s Key Concepts
260 _aUK
_bDorling Kindersley
_c2024
300 _a192 pages
942 _cBK